| 000 | 00971cam a2200193 4500 | ||
|---|---|---|---|
| 001 | WB3712-01 | ||
| 008 | 000000n2001 000 0 eng u | ||
| 035 | _a(Sirsi) u111514 | ||
| 245 | _aAntiques logbooks to be made compulsory | ||
| 260 | _c2001 | ||
| 490 |
_aSunday Telegraph _v18 March 2001, 11(1) |
||
| 520 | _aThe Home Office has announced plans to introduce logbooks for all antiques sold in Britain. Under the scheme, which aims to reduce the estimated £75m annual market in stolen antiques, each item would have its own logbook detailing its provenance, previous owners and recent history. A national database would then be updated every time the artwork was sold, whilst the name and address of anyone selling anything for more than £10 or buying anything for more than £100 would also be recorded. | ||
| 590 | _aWB | ||
| 650 | _aAPC LOGBOOKS | ||
| 650 | _aSTOLEN ANTIQUES | ||
| 650 | _aSTOLEN ART | ||
| 690 |
_aArts and antiques _96217 |
||
| 942 | _n0 | ||
| 999 |
_c66454 _d66454 |
||